000 00806aam a2200289a 44500
008 930106s1981 cat
041 _acat
080 _a641(038)
110 _aSecretariat d'Entitats de Sants, Hostafrancs i La Bordeta
_966020
245 _aQueviures: vocabulari català
245 _cSecretariat d'Entitats de Sants, Hostafrancs i la Bordeta
260 _aBarcelona
260 _bSecretariat d'Entitats de Sants, Hostafrancs i la Bordeta
260 _c1981
300 _a12 p.
_c21 cm
520 _aaprox. 550
591 _a345
592 _aObra terminològica
593 _aKR
594 _a345
650 _aaliments
_960792
901 _c<1981>
902 _a930106
942 _cMO
_n0
999 _c54962
_d54962